| 000 | 00976 a2200217 4500 | ||
|---|---|---|---|
| 001 | 59981 | ||
| 005 | 20260407155852.0 | ||
| 008 | 260407a1986 arg spa d | ||
| 003 | AR-UNSa-BCEJYS | ||
| 040 |
_aAR-UNSa-BCEJYS _bspa _cAR-UNSa-BCEJYS |
||
| 080 |
_a342 _xDerecho constitucional (Derecho Público) |
||
| 245 | 1 | 0 |
_aLa reglamentación de los derechos constitucionales _pteoría del orden de derechos |
| 020 | _a950-14-0301-7 | ||
| 264 | 1 |
_aBuenos Aires : _bEdiciones Depalma _c1986 |
|
| 300 |
_axvii, 152 p. _c23 cm. |
||
| 505 | _a1. La facultad de reglamentar ante los tribunales - 2. Definiciones – 3. Las reglamentaciones en favor de la capacidad de ejercer los derechos – 4. El utilitarismo y la constitución – 5. Criticas al utilitarismo de Bentham – 6. Un orden de derechos – 7. Algunas consideraciones sobre el derecho de propiedad | ||
| 041 | _aspa | ||
| 942 | _cBK | ||
| 590 | _aniveau_biblio:m niveau_hierar:0 | ||
| 100 | 1 | _aGrondona, Mariano F. | |
| 999 |
_c6867 _d6867 |
||